000 00444 a2200157 4500
003 OSt
005 20231215152726.0
008 231215b |||||||| |||| 00| 0 eng d
020 _a8170556864
040 _coclc
082 _a891.43
_bKHA/M
245 _aMAHAKAVYA VIMARSH /
_cedited by Vishnu Khare
260 _aNew Delhi:
_bVani Prakashan,
_c1999.
300 _a129p
942 _2ddc
_cBK
_h891.43
_iKHA/M
_k891.43
_mKHA/M
999 _c43430
_d43430